Регионална библиотека "Любен Каравелов" - Русе

Милиардерите (Запис номер 79863)

MARC детайли
000 -Лидер
Контролно поле с фиксирана дължина 02246nam a2200457 c 4500
003 - Код на организацията, давaща контролен номер
Контролно поле BLK
005 - Дата и час на последна редакция
Контролно поле 20190604174524.0
008 - Елементи от данни с фиксирана дължина
fixed length control field 180408b bul|||||r ||||||| ||bul||
010 ## - Наследен системен номер
LC control number KNG00084345000
020 ## - Международен стандартен номер на книга ISBN
Международен стандартен номер на книга ISBN 954-8615-76-2
-- издат.: Световна библ.
040 ## - Източник на каталожния запис
Идентификатор на билиотеката - собственик на записа BLK
041 ## - Код за език
Код за езика на текст/звукозапис или на отделно заглавие Български
Код за езика КДБФ Български
080 ## - УДК
Текстов определител УДК Икономическа психология. Икономическо поведение. Физиологични и психологични елементи. Интереси. Икономически дух
УДК код - определител по УДК 330.16
УДК определител (470)(092)
УДК - код + определител 330.16(470)(092)
080 ## - УДК
Текстов определител УДК Етика на бизнеса. Успех
УДК код - определител по УДК 174.4
УДК определител (470)(092)
УДК - код + определител 174.4(470)(092)
080 ## - УДК
Текстов определител УДК Специална част на наказателното право. Видове наказуеми действия - Срещу собствена или чужда държава и управлението, политически престъпления,геноцид(прав.аспекти), наркотрафик, против мира, обществен
УДК код - определител по УДК 343.3/.7
УДК определител (470)(092)
УДК - код + определител 343.3/.7(470)(092)
080 ## - УДК
Текстов определител УДК Биографии
УДК код - определител по УДК 929
УДК определител (470)
УДК - код + определител 929(470)
100 1# - Редна дума - Автор
Автор Стогоff, Иля
Авторска отговорност първи автор
R(LIN) 124728
139 ## - Редно поле
Редна дума Стогов, Иля
Авторски знак Сто - С 77
245 10 - Сведения за заглавието
Заглавие Милиардерите
Редно поле (дума) * Иля Стогов; Иля Стогоff; прев. от рус. Владимир Игнатов.
257 ## - Страна на издаване
Страна на създаване/издаване Русия
260 ## - Област на издателските данни
-- София
Име на издателя, разпространителя и проч. Световна библ.
Година на издаване 2008
300 ## - Физическа характеристика
Страници 200 с.
Размери/Мащаб 20 см
380 ## - Жанр
Жанр Худож. лит.
500 ## - Общи забележки
Забележка Ориг. загл. Миллиардеры / Илья Стогоff
650 #4 - Допълнително описание по предмет – тема
Основно описание – тема или топоним Прочути личности
9 (RLIN) 244119
650 #4 - Допълнително описание по предмет – тема
Основно описание – тема или топоним Икономическо поведение
9 (RLIN) 245306
650 #4 - Допълнително описание по предмет – тема
Основно описание – тема или топоним Мафия, руска
9 (RLIN) 267531
651 #4 - Допълнително описание по предмет - топоним
Географско понятие Русия
9 (RLIN) 179465
653 ## - Ключова дума – ненормативна
Ключова дума милиардери
653 ## - Ключова дума – ненормативна
Ключова дума икономическо поведение
653 ## - Ключова дума – ненормативна
Ключова дума мафия
653 ## - Ключова дума – ненормативна
Ключова дума биографии
653 ## - Ключова дума – ненормативна
Ключова дума Русия
700 1# - Други автори (авторска отговорност)
Лично име Стогов, Иля
Автороска отговорност (Описва отношението между автора и произведението) *
9 (RLIN) 124729
700 1# - Други автори (авторска отговорност)
Лично име Игнатов, Владимир
Автороска отговорност (Описва отношението между автора и произведението) прев. от рус.
9 (RLIN) 299393
852 ## - Местоположение
Форматна сигнатура Цб 240430
856 4# - Електронен адрес и достъп
Електронен формат pdf - файл
Път до файла /url/
856 4# - Електронен адрес и достъп
Електронен формат pdf - файл
Път до файла /url/
942 ## - АРТИКУЛИ
Вид на библиотечния материал Книги
Скрит в OPAC Не
Koha issues (borrowed), all copies 1
944 ## - СЪЗДАВАНЕ И РЕДАКЦИЯ на ЗАПИСА
Създаване/Редакция Създаване
Дата на регистрацията/редакция 12.06.2008
Служител, извършил регистрацията/редакцията Валя_Йорданова
944 ## - СЪЗДАВАНЕ И РЕДАКЦИЯ на ЗАПИСА
Създаване/Редакция Редакция
Дата на регистрацията/редакция 07.09.2009
Служител, извършил регистрацията/редакцията
999 ## - СИСТЕМНИ КОНТРОЛНИ НОМЕРА
Koha biblionumber 79863
Koha biblioitemnumber 79863
Наличности
Код за отписване Код за изгубен артикул Код за повреда Коз за рестрикции Код за отдаване Артикулен № Име на библиотеката - собственик Име на библиотеката, в която се намира в момента Статус (Текущо местоположение) Дата на вписване в системата Местоположение - отдел Цена в лева Инвентарен номер Систематично азбучна сигнатура Баркод Номер на екземпляра Цена в евро Служебна бележка Служебен тип на артикула
  Не е изгубен Не е повреден без рестрикции заемане за дома 129136 Регионална библиотека "Любен Каравелов" Русе Регионална библиотека "Любен Каравелов" Русе Заемна - подръчен фонд 2008-06-12 Заемна - подръчен фонд 9.99 120000727082 П 330.1/С 77 120000727082 1 5.11 Дост: Pk Вид: Ф N: 187 Дата: 12.06.2008 Дата инв: 22.01.2015 Бележки инв: П2015 Книги
  Не е изгубен Не е повреден без рестрикции заемане за дома 129137 Регионална библиотека "Любен Каравелов" Русе Регионална библиотека "Любен Каравелов" Русе Заемна - подръчен фонд 2008-06-17 Заемна - подръчен фонд 9.99 120000727200 П 330.1/С 77 120000727200 2 5.11 Дост: Pk Вид: Ф N: 4277 Дата: 04.06.2008 Дата инв: 02.02.2018 Бележки инв: П2018 Книги
  Не е изгубен Не е повреден без рестрикции заемане за дома 129138 Регионална библиотека "Любен Каравелов" Русе Регионална библиотека "Любен Каравелов" Русе Заемна - подръчен фонд 2008-06-17 Заемна - подръчен фонд 9.99 120000727201 П 330.1/С 77 120000727201 3 5.11 Дост: Pk Вид: Ф N: 4277 Дата: 04.06.2008 Дата инв: 05.02.2018 Бележки инв: П2018 Книги
  Не е изгубен Не е повреден без рестрикции ползва се в читалня 129139 Регионална библиотека "Любен Каравелов" Русе Регионална библиотека "Любен Каравелов" Русе Хранилище 2009-09-08 Хранилище 9.99 120000737827 Цб 240430 120000737827 4 5.11 Дост: Dp Вид: Д N: 12 Дата: 11.03.2009 Книги
Vip Innovations Ltd, Rousse, Bulgaria 2025